000 00280nam a22001097a 4500
041 _aeng
080 _a80
100 _aАндреева, И. С.
245 _aИследования Классической Немецкой Философии
650 _aGerman
999 _c278116
_d278116
942 _cBK